[Event "Collado Villalba op 39th"]
[Site "Collado Villalba"]
[Date "2022.08.28"]
[Round "9"]
[White "Gonzalez Sanchez, Javier"]
[Black "Pena Rodriguez, Jose Maria"]
[Result "1-0"]
[WhiteElo "1706"]
[BlackElo "1609"]
[PlyCount "59"]
[EventDate "2022.08.20"]
[EventType "swiss"]
[EventRounds "9"]
[EventCountry "ESP"]
[SourceTitle "EXT 2023"]
[Source "ChessBase"]
[SourceDate "2022.10.05"]
[SourceVersion "1"]
[SourceVersionDate "2022.10.05"]
[SourceQuality "1"]

1. e4 e5 2. Nf3 Nf6 3. Nxe5 Nxe4 4. Qe2 Qe7 5. Qxe4 d6 6. d4 dxe5 7. Qxe5 Qxe5+ 8. dxe5 Bf5 9. Bd3 Bxd3 10. cxd3 Nc6 11. 0-0 0-0-0 12. Bf4 Nb4 13. Nc3 Nxd3 14. Bg3 Bc5 15. Ne4 Bb6 16. Rfd1 h6 17. Nd6+ cxd6 18. Rxd3 Rhe8 19. Rc1+ Kb8 20. exd6 Rd7 21. Rdd1 Re2 22. Re1 Re6 23. Rxe6 fxe6 24. Re1 Kc8 25. Rxe6 Rf7 26. Kf1 Bc5 27. Re8+ Kd7 28. Rb8 Kc6 29. Rc8+ Kb6 30. Rc7 1-0

[Event "Carballo Concello 4th"]
[Site "Carballo"]
[Date "2021.09.03"]
[Round "3"]
[White "Aayush, Bhattacherjee"]
[Black "Gonzalez Sanchez, Javier"]
[Result "1/2-1/2"]
[WhiteElo "2070"]
[BlackElo "1651"]
[PlyCount "78"]
[EventDate "2021.09.01"]
[EventType "swiss"]
[EventRounds "9"]
[EventCountry "ESP"]
[SourceTitle "EXT 2022"]
[Source "ChessBase"]
[SourceDate "2021.10.06"]
[SourceVersion "1"]
[SourceVersionDate "2021.10.06"]
[SourceQuality "1"]

1. e4 c5 2. Nf3 Nc6 3. d4 cxd4 4. Nxd4 e5 5. Nb5 d6 6. N1c3 a6 7. Na3 Be7 8. Be2 Nd4 9. Be3 Nxe2 10. Qxe2 Nf6 11. Nc4 b5 12. Nb6 Rb8 13. Nbd5 0-0 14. Nxf6+ Bxf6 15. Rd1 Be6 16. Nd5 Bxd5 17. Rxd5 Qa5+ 18. c3 Qxa2 19. 0-0 Rfd8 20. Rfd1 Qc4 21. Qxc4 bxc4 22. R1d2 Rb5 23. Rxb5 axb5 24. Rd5 Rb8 25. Rxd6 Rd8 26. Rxd8+ Bxd8 27. Kf1 Kf8 28. Ke2 Be7 29. g3 Ke8 30. f4 f6 31. fxe5 fxe5 32. Kf3 g6 33. h4 h5 34. Ke2 Kd7 35. Kd2 Kc6 36. Kc2 b4 37. Bh6 Kd7 38. Be3 Kc6 39. Bh6 b3+ 1/2-1/2

[Event "Gallego-ch U18"]
[Site "Viveiro"]
[Date "2016.02.09"]
[Round "8"]
[White "Santos Garcia, Mario"]
[Black "Gonzalez Sanchez, Javier"]
[Result "0-1"]
[WhiteElo "1299"]
[BlackElo "1210"]
[PlyCount "102"]
[EventDate "2016.02.06"]
[EventType "swiss"]
[EventRounds "8"]
[EventCountry "ESP"]
[SourceTitle "EXT 2024"]
[Source "ChessBase"]
[SourceDate "2023.10.10"]
[SourceVersion "1"]
[SourceVersionDate "2023.10.10"]
[SourceQuality "1"]

1. d4 Nf6 2. Nf3 d5 3. Bg5 Ne4 4. Bh4 c5 5. c3 Qb6 6. Qb3 Qxb3 7. axb3 cxd4 8. cxd4 Nc6 9. e3 e6 10. Bb5 Bb4+ 11. Ke2 f6 12. Ra4 Bd6 13. Rc1 Bd7 14. Kf1 Kf7 15. Kg1 a6 16. Bf1 Rac8 17. Nbd2 Nxd4 18. Rxc8 Nxf3+ 19. gxf3 Rxc8 20. Nxe4 dxe4 21. Rxe4 Be5 22. Bg3 Bxb2 23. Bd6 Bc6 24. Rh4 h6 25. Kg2 b5 26. Bd3 Bd5 27. b4 Ba3 28. Bc5 a5 29. Bxb5 Rb8 30. Bc4 Bxb4 31. Bxd5 exd5 32. Bd4 Bd2 33. Ba1 Rb4 34. Rd4 Rxd4 35. Bxd4 a4 36. Bb2 Ke6 37. Kf1 Bb4 38. Ke2 Kd6 39. Kd3 Kc6 40. e4 dxe4+ 41. fxe4 Kb5 42. f3 a3 43. Ba1 Bd6 44. Kc2 Be5 45. Bxe5 fxe5 46. Kb3 Kc5 47. Kxa3 Kd4 48. Kb3 Ke3 49. Kc3 Kxf3 50. Kd3 g5 51. h3 h5 0-1

[Event "Gallego-ch U18"]
[Site "Viveiro"]
[Date "2016.02.06"]
[Round "2"]
[White "Picos Maiztegui, Miguel"]
[Black "Gonzalez Sanchez, Javier"]
[Result "1-0"]
[WhiteElo "2142"]
[BlackElo "1210"]
[PlyCount "103"]
[EventDate "2016.02.06"]
[EventType "swiss"]
[EventRounds "8"]
[EventCountry "ESP"]
[SourceTitle "EXT 2024"]
[Source "ChessBase"]
[SourceDate "2023.10.10"]
[SourceVersion "1"]
[SourceVersionDate "2023.10.10"]
[SourceQuality "1"]

1. e4 e5 2. Nf3 Nf6 3. Nxe5 d6 4. Nf3 Nxe4 5. c4 Nc6 6. d3 Nf6 7. d4 d5 8. c5 g6 9. Nc3 Bg7 10. Bb5 Bg4 11. h3 Bxf3 12. Qxf3 0-0 13. Be3 Ne7 14. 0-0 c6 15. Bd3 Qd7 16. Rfe1 Nf5 17. Bxf5 Qxf5 18. Qxf5 gxf5 19. Ne2 Nh5 20. Rad1 Rfe8 21. g3 Nf6 22. Kg2 Re4 23. Nc3 Re6 24. Bf4 Rae8 25. Rxe6 Rxe6 26. f3 Nh5 27. Bb8 a6 28. Kf2 Bh6 29. Rd3 f4 30. g4 Ng3 31. h4 f6 32. Rd1 Re8 33. Bd6 Kf7 34. a4 Kg6 35. Rd2 Kf7 36. Nd1 Re6 37. b4 Ke8 38. Nb2 Kd7 39. Rc2 Re3 40. Rd2 Re6 41. Nd1 Re8 42. Rb2 Re6 43. b5 axb5 44. axb5 Rxd6 45. cxd6 Kxd6 46. bxc6 Kxc6 47. Rc2+ Kd6 48. Nc3 Kd7 49. Nxd5 Ke6 50. Rc5 Kd6 51. Nxf6 Bg7 52. Ne8+ 1-0

[Event "Mondariz Cemar op 2nd"]
[Site "Mondariz"]
[Date "2015.08.18"]
[Round "4"]
[White "Gonzalez Sanchez, Javier"]
[Black "Fernandez Lopez, Ruben"]
[Result "0-1"]
[WhiteElo "1253"]
[BlackElo "1795"]
[PlyCount "72"]
[EventDate "2015.08.16"]
[EventType "swiss"]
[EventRounds "9"]
[EventCountry "ESP"]
[SourceTitle "EXT 2019"]
[Source "ChessBase"]
[SourceDate "2018.10.10"]
[SourceVersion "1"]
[SourceVersionDate "2018.10.10"]
[SourceQuality "1"]

1. d4 Nf6 2. c4 g6 3. Nc3 d5 4. cxd5 Nxd5 5. e4 Nxc3 6. bxc3 Bg7 7. Bc4 c5 8. Ne2 Nc6 9. Be3 cxd4 10. cxd4 0-0 11. 0-0 Bg4 12. f3 Bc8 13. Rb1 Qa5 14. Qc2 Rd8 15. Rb5 Qc7 16. Bxf7+ Kxf7 17. d5 b6 18. dxc6 Ba6 19. Qb3+ e6 20. Nf4 Qxc6 21. Rf5+ gxf5 22. exf5 Qc4 23. fxe6+ Ke8 24. Qxc4 Bxc4 25. Rc1 Rac8 26. Nh5 Bd4 27. Bxd4 Rxd4 28. Nf6+ Ke7 29. Nxh7 Bxe6 30. Re1 Rg8 31. g4 Rf4 32. h4 Rxf3 33. Ng5 Rf6 34. Rc1 Kd7 35. Rd1+ Kc7 36. Rc1+ Kb7 0-1